000 01337nam a2200325 a 4500
999 _c139552
_d139552
003 BLK
005 20240604005356.0
008 180409b bul|||||r ||||||| ||bul||
010 _aKNG00145599000
040 _aBLK
041 _aBUL
_cBUL
080 _aБългарска литература
_b821.163.2
_x-93-34
_z821.163.2-93-34
100 _aЕлин Пелин
_qСтоянов, Димитър Иванов
_9363511
139 _aЕлин Пелин
_bЕ 53
245 1 0 _aЧохено контошче
_bПриказка в стихове
_cЕлин Пелин; худож. Александър Поплилов.
257 _aBGR
260 _bНар. младеж
_c1964
_aСофия
300 _a20 с.
_bс цв. ил.
_c30см
380 _aDX
500 _aИстинското име на авт. е Димитър Иванов Стоянов. - 50 100 доп. тир. - За предучилищна възраст.
700 1 _aПоплилов, Александър
_eхудож.
_9374240
700 1 _aСтоянов, Димитър Иванов
_e*
_9365019
852 _aЦб ІІ 18127
856 4 _qpdf
856 4 _qpdf
942 _cKNG
_n0
_s1
944 _aCR
_c11.07.2013
_lCRON CRON
_k
944 _aED
_c28.01.2015
_l11.07.2013 - от С1,Р / 11.07.2013
_kМилена_Ачева
999 _d139552